| 000 | 00642cam a22002291 4500 | ||
|---|---|---|---|
| 001 | sa 65000675 | ||
| 003 | DLC | ||
| 005 | 20260227112104.0 | ||
| 008 | 890816s1963 ii 000 0 maro | ||
| 010 | _asa 65000675 | ||
| 035 | _a(OCoLC)20186455 | ||
| 040 |
_aDLC _cWaU _dDLC |
||
| 042 | _apremarc | ||
| 050 | 0 | 0 |
_aPK2418.J665 _bC6 |
| 100 | 1 |
_aJośī, Vāmana Malhāra, _d1882-1943. |
|
| 245 | 1 | 0 | _aCorāñcā bājāra. |
| 260 | _c[1963] | ||
| 300 |
_a84 p. _c19 cm. |
||
| 500 | _aIn Marathi. | ||
| 500 | _aA dramatization of Shivram Narhar Kolhatkar's Corāvara mora. | ||
| 700 | 1 |
_aKolhatkar, Shivram Narhar, _d1909- _tCorāvara mora. |
|
| 999 |
_c61655 _d61655 |
||